[Event "GBR-ch111 Over 50"]
[Site "Liverpool"]
[Date "2025.08.05"]
[Round "2.15"]
[White "Letton, Rob"]
[Black "Noyce, Robert C"]
[Result "1/2-1/2"]
[WhiteElo "1711"]
[BlackElo "2040"]
[PlyCount "90"]
[EventDate "2025.08.04"]
[EventType "swiss"]
[EventRounds "7"]
[EventCountry "GBR"]
[SourceTitle "BritBase"]
[Source "John Saunders"]
[SourceDate "2025.08.11"]
[SourceVersion "1"]
[SourceVersionDate "2025.08.11"]
[SourceQuality "1"]

1. e4 b6 2. d4 Bb7 3. Bd3 e6 4. Nf3 Nf6 5. Nbd2 c5 6. c3 d5 7. Qe2 cxd4 8. Nxd4 dxe4 9. Nxe4 Be7 10. O-O Nbd7 11. Re1 O-O 12. Ng5 Nc5 13. Bc2 h6 14. b4 hxg5 15. bxc5 bxc5 16. Nf3 g4 17. Ne5 Qd5 18. f3 gxf3 19. Nxf3 Qh5 20. Bd2 Rad8 21. Rad1 Bd6 22. Ne5 Qxe2 23. Rxe2 Bxe5 24. Rxe5 Rd5 25. Ree1 Rfd8 26. Bg5 Rxd1 27. Bxd1 Rd3 28. c4 Rd4 29. Bb3 Rg4 30. Be3 Rxg2+ 31. Kf1 Ng4 32. Bg1 Rd2 33. Re2 Rd7 34. Bxc5 Rc7 35. Bg1 Ba6 36. Re4 Nf6 37. Rd4 e5 38. Rd8+ Kh7 39. Ra8 Bxc4+ 40. Bxc4 Rxc4 41. Rxa7 Kg6 42. a4 Ne4 43. a5 Rc1+ 44. Kg2 Ra1 45. Ra8 Ra2+ 1/2-1/2

[Event "GBR-ch111 Over 50"]
[Site "Liverpool"]
[Date "2025.08.05"]
[Round "2.16"]
[White "Archer-Lock, Christopher J"]
[Black "Lynch, Chris"]
[Result "1-0"]
[WhiteElo "1974"]
[BlackElo "1615"]
[PlyCount "77"]
[EventDate "2025.08.04"]
[EventType "swiss"]
[EventRounds "7"]
[EventCountry "GBR"]
[SourceTitle "BritBase"]
[Source "John Saunders"]
[SourceDate "2025.08.11"]
[SourceVersion "1"]
[SourceVersionDate "2025.08.11"]
[SourceQuality "1"]

1. e4 c5 2. Nf3 d6 3. Bb5+ Bd7 4. Bxd7+ Qxd7 5. c4 Nc6 6. Nc3 g6 7. d4 cxd4 8. Nxd4 Bg7 9. Be3 Nf6 10. f3 a6 11. O-O O-O 12. Qd3 Rac8 13. b3 Rfd8 14. Rac1 e6 15. Rfd1 d5 16. Nxc6 Qxc6 17. cxd5 exd5 18. Nxd5 Qe6 19. Bg5 h6 20. Rxc8 Rxc8 21. Nxf6+ Bxf6 22. Bxh6 g5 23. e5 Qxe5 24. Kf1 Qb5 25. Qxb5 axb5 26. f4 gxf4 27. Bxf4 Rc2 28. Rd2 Rxd2 29. Bxd2 Be5 30. g3 Kg7 31. Ke2 Kg6 32. Kf3 Bd6 33. Bf4 Bc5 34. g4 Bd4 35. h4 Bf6 36. h5+ Kg7 37. Ke4 Bc3 38. Be5+ Bxe5 39. Kxe5 1-0

[Event "GBR-ch111 Over 50"]
[Site "Liverpool"]
[Date "2025.08.05"]
[Round "2.17"]
[White "Slegg, Gary"]
[Black "Handley, Michael R"]
[Result "0-1"]
[WhiteElo "1622"]
[BlackElo "1974"]
[PlyCount "78"]
[EventDate "2025.08.04"]
[EventType "swiss"]
[EventRounds "7"]
[EventCountry "GBR"]
[SourceTitle "BritBase"]
[Source "John Saunders"]
[SourceDate "2025.08.11"]
[SourceVersion "1"]
[SourceVersionDate "2025.08.11"]
[SourceQuality "1"]

1. e4 e6 2. Qe2 c5 3. Nf3 Nc6 4. g3 g6 5. Bg2 Bg7 6. O-O Nge7 7. d3 d6 8. Re1 O-O 9. c3 e5 10. h4 Bg4 11. Nbd2 f5 12. Nf1 f4 13. N1h2 Bd7 14. gxf4 exf4 15. Ng5 h6 16. Nh3 f3 17. Nxf3 Bg4 18. Qe3 Rxf3 19. Bxf3 Bxh3 20. e5 Bf5 21. exd6 Qxd6 22. Be4 Rf8 23. Qg3 Be5 24. Qg2 Kh7 25. Be3 b6 26. Kf1 Qf6 27. h5 gxh5 28. Ke2 Kh8 29. Kd2 Bxe4 30. Qxe4 Qf5 31. Qxf5 Rxf5 32. Rh1 Kh7 33. Rh3 Bf6 34. Rah1 h4 35. Ke2 Bg5 36. f3 Re5 37. f4 Bxf4 38. Rf3 Bg5 39. Rhf1 Nd5 0-1

[Event "GBR-ch111 Over 50"]
[Site "Liverpool"]
[Date "2025.08.05"]
[Round "2.18"]
[White "Wheeler, Tim"]
[Black "Coffey, Mike J"]
[Result "0-1"]
[WhiteElo "1784"]
[BlackElo "1894"]
[PlyCount "178"]
[EventDate "2025.08.04"]
[EventType "swiss"]
[EventRounds "7"]
[EventCountry "GBR"]
[SourceTitle "BritBase"]
[Source "John Saunders"]
[SourceDate "2025.08.11"]
[SourceVersion "1"]
[SourceVersionDate "2025.08.11"]
[SourceQuality "1"]

1. Nf3 Nf6 2. g3 c6 3. Bg2 d5 4. O-O Nbd7 5. d4 e6 6. b3 Bd6 7. Bb2 Qc7 8. Nbd2 O-O 9. c4 b6 10. Rc1 Bb7 11. cxd5 exd5 12. Qc2 Rfe8 13. e3 Rac8 14. Bh3 Rcd8 15. Rfd1 Re7 16. Nh4 g6 17. Bg2 Rde8 18. Qb1 a5 19. a3 Nf8 20. Nhf3 N8d7 21. Nh4 Rc8 22. Bh3 Rd8 23. Bg2 Bc8 24. Qc2 Bb7 25. Qb1 Qb8 26. Qa1 Rc8 27. Bh3 Rc7 28. Rc2 Qf8 29. Rdc1 Qh6 30. Bg2 Ng4 31. Nf1 Ngf6 32. Nd2 Nf8 33. Nhf3 Ne6 34. Ne5 Nd8 35. Ndf3 Qh5 36. Re1 Ne4 37. Qd1 f6 38. Nd3 Bc8 39. Nf4 Qh6 40. Nd2 Ng5 41. Qc1 Nh3+ 42. Nxh3 Bxh3 43. Nf3 Bf5 44. Rc3 Be4 45. Nd2 Bxg2 46. Kxg2 f5 47. Nf3 g5 48. Rc2 g4 49. Ng1 Re6 50. h4 Qf8 51. Ne2 Qe8 52. Bc3 Ree7 53. b4 a4 54. Bd2 b5 55. Kg1 Qf7 56. Kg2 Qe6 57. Nc3 Qf7 58. Ne2 Qe8 59. Kf1 Qd7 60. Nf4 Ne6 61. Nd3 Rc8 62. Nc5 Nxc5 63. dxc5 Be5 64. Bc3 Qc7 65. Rce2 Rce8 66. Bd4 Kf7 67. Qd2 Kg6 68. Kg2 Re6 69. Kf1 h6 70. Kg2 Qg7 71. Kf1 Qf6 72. Qd3 Bxd4 73. Qxd4 Re4 74. Qxf6+ Kxf6 75. Rd2 Rc4 76. Red1 Rc3 77. Rd3 Rc2 78. R1d2 Rxd2 79. Rxd2 Re4 80. Rd4 Ke5 81. Rd2 Rc4 82. Ke2 Rc3 83. Ra2 Ke4 84. Ra1 Rc2+ 85. Ke1 Kf3 86. Rd1 Re2+ 87. Kf1 Rxf2+ 88. Kg1 Kxg3 89. Rd3 Rf3 0-1

[Event "GBR-ch111 Over 50"]
[Site "Liverpool"]
[Date "2025.08.05"]
[Round "2.19"]
[White "Trueman, Glenn"]
[Black "Tuke, David"]
[Result "1-0"]
[WhiteElo "1891"]
[BlackElo "1722"]
[PlyCount "35"]
[EventDate "2025.08.04"]
[EventType "swiss"]
[EventRounds "7"]
[EventCountry "GBR"]
[SourceTitle "BritBase"]
[Source "John Saunders"]
[SourceDate "2025.08.11"]
[SourceVersion "1"]
[SourceVersionDate "2025.08.11"]
[SourceQuality "1"]

1. c4 e5 2. Nc3 Nf6 3. g3 Bb4 4. Bg2 c6 5. Qb3 Qa5 6. Nf3 d6 7. O-O O-O 8. d3 Be6 9. Bd2 Na6 10. a3 Nc5 11. Qxb4 Qc7 12. a4 Rab8 13. Qa3 h6 14. b4 Ncd7 15. Qb2 a5 16. b5 c5 17. b6 Nxb6 18. Nb5 1-0

[Event "GBR-ch111 Over 50"]
[Site "Liverpool"]
[Date "2025.08.05"]
[Round "2.20"]
[White "Thomas, Robert"]
[Black "Kelly, Richard"]
[Result "1/2-1/2"]
[WhiteElo "2166"]
[BlackElo "1787"]
[PlyCount "177"]
[EventDate "2025.08.04"]
[EventType "swiss"]
[EventRounds "7"]
[EventCountry "GBR"]
[SourceTitle "BritBase"]
[Source "John Saunders"]
[SourceDate "2025.08.11"]
[SourceVersion "1"]
[SourceVersionDate "2025.08.11"]
[SourceQuality "1"]

1. d4 Nf6 2. c4 e5 3. dxe5 Ng4 4. e4 Nxe5 5. f4 Nec6 6. Nf3 Bc5 7. Nc3 O-O 8. Na4 Qe7 9. Nxc5 Qxc5 10. Qd5 Qxd5 11. exd5 Re8+ 12. Kf2 Nb4 13. a3 N4a6 14. b4 d6 15. Bd3 Nd7 16. Bd2 Nf6 17. Rhe1 Bd7 18. Nd4 Rxe1 19. Rxe1 Re8 20. h3 Rxe1 21. Bxe1 Nb8 22. g4 g6 23. Bc3 a6 24. Nb3 Ne8 25. Bd4 Bc8 26. Nd2 Nd7 27. Ne4 f6 28. Kg3 Kf7 29. g5 f5 30. Nd2 Ke7 31. Kf3 Kf7 32. Ke3 Ke7 33. Bc2 Kd8 34. Nb3 b6 35. a4 Bb7 36. a5 Kc8 37. h4 Kd8 38. Bd1 Ke7 39. Bf3 Kd8 40. Kd3 Kc8 41. axb6 cxb6 42. Bc3 Kd8 43. Nd4 Nc7 44. h5 Ke7 45. h6 Kf7 46. Nc6 Ba8 47. Bd4 Ke8 48. Bd1 b5 49. Bf3 bxc4+ 50. Kxc4 Nb5 51. Be3 Nf8 52. Na7 Nxa7 53. Bxa7 Ne6 54. Be3 Nc7 55. Kd4 Kd7 56. Bd2 Nb5+ 57. Kc4 Na3+ 58. Kb3 Nb5 59. Ka4 Bb7 60. Ka5 Nd4 61. Bd1 Bxd5 62. Kxa6 Bc4+ 63. Kb6 d5 64. Ba4+ Kd8 65. Kc5 Ne6+ 66. Kd6 Nc7 67. Bc6 Ne8+ 68. Ke6 d4+ 69. Ke5 d3 70. Kd4 Nd6 71. Bg2 Ke7 72. Bf1 Ke6 73. Bxd3 Bxd3 74. Kxd3 Kd5 75. Bc3 Nb5 76. Be5 Na3 77. Kc3 Nb5+ 78. Kb3 Na7 79. Bc7 Nb5 80. Bb8 Nd4+ 81. Ka4 Kc6 82. Ba7 Nb5 83. Bb8 Nc3+ 84. Ka5 Nb5 85. Be5 Na7 86. Ka6 Nb5 87. Ka5 Na3 88. Ka4 Nb5 89. Kb3 1/2-1/2

[Event "GBR-ch111 Over 50"]
[Site "Liverpool"]
[Date "2025.08.05"]
[Round "2.21"]
[White "Matthews, Adrian MS"]
[Black "Farrell, Neil R"]
[Result "0-1"]
[WhiteElo "1796"]
[BlackElo "2134"]
[PlyCount "64"]
[EventDate "2025.08.04"]
[EventType "swiss"]
[EventRounds "7"]
[EventCountry "GBR"]
[SourceTitle "BritBase"]
[Source "John Saunders"]
[SourceDate "2025.08.11"]
[SourceVersion "1"]
[SourceVersionDate "2025.08.11"]
[SourceQuality "1"]

1. e4 e6 2. d4 d5 3. e5 c5 4. c3 Nc6 5. Nf3 Qb6 6. Bd3 cxd4 7. cxd4 Bd7 8. O-O Nxd4 9. Nbd2 Bc5 10. b4 Nxf3+ 11. Nxf3 Qxb4 12. Rb1 Qa4 13. Rxb7 Qxd1 14. Rxd1 Bb6 15. Ng5 Nh6 16. Nxh7 Ng4 17. Bg5 Nxe5 18. Bb1 Ng6 19. Bxg6 fxg6 20. a4 Rxh7 21. a5 Bxa5 22. Ra1 Bd8 23. Bf4 g5 24. Bd6 a5 25. Ra3 Bc6 26. Rbb3 Kd7 27. Be5 Bf6 28. Re3 Rh4 29. Bg3 Ra4 30. h3 Rxa3 31. Rxa3 a4 32. Kf1 Bb2 0-1

[Event "GBR-ch111 Over 50"]
[Site "Liverpool"]
[Date "2025.08.05"]
[Round "2.22"]
[White "Polanyk, John"]
[Black "Alldritt, Nigel RE"]
[Result "0-1"]
[WhiteElo "1771"]
[BlackElo "1888"]
[PlyCount "76"]
[EventDate "2025.08.04"]
[EventType "swiss"]
[EventRounds "7"]
[EventCountry "GBR"]
[SourceTitle "BritBase"]
[Source "John Saunders"]
[SourceDate "2025.08.11"]
[SourceVersion "1"]
[SourceVersionDate "2025.08.11"]
[SourceQuality "1"]

1. e4 e6 2. d4 d5 3. e5 c5 4. c3 Qb6 5. Nf3 Nc6 6. Be2 Nh6 7. O-O cxd4 8. cxd4 Nf5 9. Be3 Be7 10. Qd2 O-O 11. Nc3 f6 12. exf6 Bxf6 13. Rad1 Bd7 14. g4 Nxe3 15. fxe3 g6 16. Ne1 Bg5 17. Ng2 Bh6 18. h4 Ne7 19. g5 Bg7 20. Bg4 Qd6 21. Bf3 Rf7 22. Nf4 Nf5 23. Qf2 Nxe3 24. Qxe3 Qxf4 25. Qxf4 Rxf4 26. Ne2 Rxh4 27. Kg2 Bb5 28. Kg3 Bxe2 29. Bxe2 Rxd4 30. Rc1 Be5+ 31. Kh3 Rd2 32. Rce1 Rf8 33. Rxf8+ Kxf8 34. Kg4 Ke7 35. Bf3 Bxb2 36. Rh1 Bg7 37. Rxh7 Kf7 38. a4 Rd4+ 0-1

[Event "GBR-ch111 Over 50"]
[Site "Liverpool"]
[Date "2025.08.05"]
[Round "2.23"]
[White "Gardiner, Eric D"]
[Black "Wilson, Matthew R"]
[Result "1-0"]
[WhiteElo "1869"]
[BlackElo "1784"]
[PlyCount "53"]
[EventDate "2025.08.04"]
[EventType "swiss"]
[EventRounds "7"]
[EventCountry "GBR"]
[SourceTitle "BritBase"]
[Source "John Saunders"]
[SourceDate "2025.08.11"]
[SourceVersion "1"]
[SourceVersionDate "2025.08.11"]
[SourceQuality "1"]

1. e4 e5 2. Nf3 Nf6 3. Nxe5 d6 4. Nf3 Nxe4 5. d4 d5 6. Bd3 Bd6 7. O-O O-O 8. Re1 Bf5 9. c4 c6 10. Qb3 b6 11. g3 Bc7 12. cxd5 cxd5 13. Nh4 Be6 14. Nc3 Nxc3 15. bxc3 Qf6 16. Ba3 Rd8 17. Re3 g6 18. Rae1 Nc6 19. Nf3 Na5 20. Qc2 Nc4 21. Bxc4 dxc4 22. Qe4 Rd5 23. Qxd5 Bxd5 24. Re8+ Rxe8 25. Rxe8+ Kg7 26. Bf8+ Kg8 27. Bh6# 1-0

[Event "GBR-ch111 Over 50"]
[Site "Liverpool"]
[Date "2025.08.05"]
[Round "2.24"]
[White "Giulian, Rosemary A"]
[Black "Kenning, Paul H"]
[Result "1-0"]
[WhiteElo "1861"]
[BlackElo "1764"]
[PlyCount "85"]
[EventDate "2025.08.04"]
[EventType "swiss"]
[EventRounds "7"]
[EventCountry "GBR"]
[SourceTitle "BritBase"]
[Source "John Saunders"]
[SourceDate "2025.08.11"]
[SourceVersion "1"]
[SourceVersionDate "2025.08.11"]
[SourceQuality "1"]

1. e4 d6 2. d4 Nf6 3. Nc3 e5 4. Nge2 Nbd7 5. a4 c6 6. h3 Be7 7. g4 h6 8. Bg2 Nf8 9. O-O g5 10. Ng3 Ng6 11. Nf5 Bxf5 12. exf5 Nf4 13. Re1 Qc7 14. Bxf4 exf4 15. d5 O-O 16. dxc6 bxc6 17. Bxc6 Qxc6 18. Rxe7 Rfe8 19. Rxe8+ Rxe8 20. Qd4 Qf3 21. Qd3 Qxd3 22. cxd3 d5 23. Kg2 Rb8 24. Rb1 Rb3 25. Kf3 d4 26. Ne4 Nd5 27. Ke2 f3+ 28. Kd2 Nf4 29. Kc2 Rb4 30. Rh1 Rxa4 31. h4 gxh4 32. Rxh4 Kg7 33. Nd2 Ng2 34. Rh1 Ra5 35. Nxf3 Rc5+ 36. Kd2 Rb5 37. Rb1 Nf4 38. Nxd4 Rd5 39. Ke3 Ng2+ 40. Ke4 Rd7 41. Nc2 Nh4 42. Ne3 Kf6 43. Rh1 1-0

[Event "GBR-ch111 Over 50"]
[Site "Liverpool"]
[Date "2025.08.05"]
[Round "2.25"]
[White "Rubeck, Jonathan"]
[Black "White, Nicholas E"]
[Result "1-0"]
[WhiteElo "1850"]
[BlackElo "1706"]
[PlyCount "29"]
[EventDate "2025.08.04"]
[EventType "swiss"]
[EventRounds "7"]
[EventCountry "GBR"]
[SourceTitle "BritBase"]
[Source "John Saunders"]
[SourceDate "2025.08.11"]
[SourceVersion "1"]
[SourceVersionDate "2025.08.11"]
[SourceQuality "1"]

1. e4 c6 2. d4 d5 3. e5 Bf5 4. h4 h5 5. c4 e6 6. Nc3 Ne7 7. Bg5 Qb6 8. Qd2 Nd7 9. Nge2 dxc4 10. Ng3 Bg6 11. Bxc4 Qc7 12. O-O Nb6 13. Bb3 O-O-O 14. Rac1 Qxe5 15. dxe5 1-0

[Event "GBR-ch111 Over 50"]
[Site "Liverpool"]
[Date "2025.08.05"]
[Round "2.26"]
[White "Aitchison, A Keith"]
[Black "Swiatkowski, Aram"]
[Result "0-1"]
[WhiteElo "1757"]
[BlackElo "1844"]
[PlyCount "56"]
[EventDate "2025.08.04"]
[EventType "swiss"]
[EventRounds "7"]
[EventCountry "GBR"]
[SourceTitle "BritBase"]
[Source "John Saunders"]
[SourceDate "2025.08.11"]
[SourceVersion "1"]
[SourceVersionDate "2025.08.11"]
[SourceQuality "1"]

1. e4 e6 2. d4 d5 3. exd5 exd5 4. c4 Nf6 5. Nc3 Bb4 6. Bg5 O-O 7. Bd3 dxc4 8. Bxc4 Qe8+ 9. Be3 Qc6 10. Bf1 Bxc3+ 11. bxc3 Qxc3+ 12. Ke2 Bf5 13. Rc1 Qb2+ 14. Qd2 Qxd2+ 15. Kxd2 Nc6 16. Bb5 Nxd4 17. Bxd4 Rad8 18. Ke3 Ng4+ 19. Kf4 Rxd4+ 20. Kxf5 g6+ 21. Kg5 h6+ 22. Kh4 Nxf2+ 23. Kg3 Nxh1+ 24. Kf3 c6 25. Ne2 Rd5 26. Bc4 Rf5+ 27. Ke3 Re8+ 28. Kd2 Nf2 0-1

[Event "GBR-ch111 Over 50"]
[Site "Liverpool"]
[Date "2025.08.05"]
[Round "2.27"]
[White "Richards, Simon"]
[Black "Faulkner, Martin J"]
[Result "1-0"]
[WhiteElo "1697"]
[BlackElo "1818"]
[PlyCount "119"]
[EventDate "2025.08.04"]
[EventType "swiss"]
[EventRounds "7"]
[EventCountry "GBR"]
[SourceTitle "BritBase"]
[Source "John Saunders"]
[SourceDate "2025.08.11"]
[SourceVersion "1"]
[SourceVersionDate "2025.08.11"]
[SourceQuality "1"]

1. Nc3 d5 2. d4 Nf6 3. Bf4 c5 4. e4 Nxe4 5. Nxe4 dxe4 6. dxc5 Qa5+ 7. c3 Qxc5 8. Qa4+ Nc6 9. Qxe4 g6 10. Nf3 Bg7 11. Be3 Qf5 12. Bd3 Qa5 13. Nd4 Nxd4 14. Bxd4 Bxd4 15. Qxd4 O-O 16. O-O Rd8 17. Qe3 Be6 18. h4 Rac8 19. Rfe1 Qc5 20. Qf3 h5 21. Bxg6 fxg6 22. Rxe6 Rc6 23. Qe4 Qf5 24. Qxf5 gxf5 25. Rxe7 Rb6 26. b3 Rd2 27. Re5 Rf6 28. a4 Rd3 29. Rc1 Rf7 30. b4 Kg7 31. a5 Kf6 32. Rc5 Re7 33. Kf1 Red7 34. Rc2 Re7 35. g3 f4 36. gxf4 Rd1+ 37. Kg2 Rg7+ 38. Rg5 Rc7 39. Rxh5 Rb1 40. Rb5 Rg7+ 41. Kf3 Rc7 42. h5 Rh1 43. c4 Rg7 44. Rd2 Rh3+ 45. Ke4 Re7+ 46. Re5 Rxh5 47. Rxe7 Kxe7 48. f5 Rh4+ 49. f4 Rh6 50. Ke5 Rc6 51. Rd4 b6 52. f6+ Ke8 53. axb6 axb6 54. b5 Rc7 55. Ke6 Re7+ 56. Kf5 Rc7 57. Kg6 Rc8 58. f5 Rb8 59. f7+ Ke7 60. Re4+ 1-0

[Event "GBR-ch111 Over 50"]
[Site "Liverpool"]
[Date "2025.08.05"]
[Round "2.28"]
[White "May, Paul"]
[Black "Weersing, Nathan"]
[Result "1-0"]
[WhiteElo "1815"]
[BlackElo "1665"]
[PlyCount "79"]
[EventDate "2025.08.04"]
[EventType "swiss"]
[EventRounds "7"]
[EventCountry "GBR"]
[SourceTitle "BritBase"]
[Source "John Saunders"]
[SourceDate "2025.08.11"]
[SourceVersion "1"]
[SourceVersionDate "2025.08.11"]
[SourceQuality "1"]

1. d4 d5 2. c4 e6 3. Nc3 Nf6 4. Bg5 Be7 5. c5 h6 6. Bh4 Nh5 7. Bxe7 Qxe7 8. e3 Nf6 9. Nf3 O-O 10. b4 c6 11. Be2 Nbd7 12. O-O e5 13. b5 Re8 14. Qa4 exd4 15. exd4 Qe6 16. Rfe1 Nf8 17. Bd3 Qd7 18. Ne5 Qc7 19. bxc6 bxc6 20. Nxc6 Bd7 21. Ne7+ Kh8 22. Nexd5 Nxd5 23. Nxd5 Qb7 24. Qb3 Qc6 25. Nc3 Kg8 26. Be4 Rxe4 27. Rxe4 Bf5 28. Re5 Qg6 29. Qd5 Rc8 30. Rxf5 Ne6 31. Ne4 Nxd4 32. Qxf7+ Qxf7 33. Rxf7 Rd8 34. Rxa7 Nc2 35. Rc1 Rd4 36. f3 Nb4 37. c6 Nd5 38. c7 Nf4 39. c8=Q+ Kh7 40. Qf5+ 1-0

[Event "GBR-ch111 Over 50"]
[Site "Liverpool"]
[Date "2025.08.05"]
[Round "2.29"]
[White "Betts, Richard"]
[Black "Rooney, Derek"]
[Result "1/2-1/2"]
[WhiteElo "1808"]
[BlackElo "1658"]
[PlyCount "132"]
[EventDate "2025.08.04"]
[EventType "swiss"]
[EventRounds "7"]
[EventCountry "GBR"]
[SourceTitle "BritBase"]
[Source "John Saunders"]
[SourceDate "2025.08.11"]
[SourceVersion "1"]
[SourceVersionDate "2025.08.11"]
[SourceQuality "1"]

1. e4 g6 2. d4 Bg7 3. Bc4 d6 4. Nc3 e6 5. Be3 c6 6. a4 d5 7. exd5 cxd5 8. Bb5+ Nc6 9. Nf3 Nge7 10. Qd2 h6 11. O-O Nf5 12. Ne5 Bd7 13. Bxc6 bxc6 14. a5 Nxe3 15. Qxe3 O-O 16. Na4 Be8 17. b4 Rb8 18. c3 h5 19. f4 Bh6 20. Nf3 Rb7 21. Nc5 Re7 22. Rae1 Qc7 23. g3 Qc8 24. Qd3 f6 25. Re2 Bf7 26. Rfe1 Kg7 27. Nh4 f5 28. Nf3 Rfe8 29. Ne5 Kf8 30. h3 Kg7 31. Qf3 Kf8 32. Rg2 Bg7 33. Ned3 Bf6 34. Kf2 Kg7 35. Rh1 Rh8 36. Rgh2 Ree8 37. Qg2 Rd8 38. Ne1 Qb8 39. Nf3 Qb5 40. Qf1 Qxf1+ 41. Rxf1 Rhe8 42. Nd3 Rc8 43. Nfe5 Rh8 44. Rg2 Rhe8 45. Rfg1 Rh8 46. Ke2 Rc7 47. Rh2 Rcc8 48. Rgh1 Rc7 49. Ke3 Rcc8 50. Nd7 Rc7 51. Nxf6 Kxf6 52. Ne5 Kg7 53. Kf2 Kf6 54. Ke3 Kg7 55. Rc1 Kf6 56. Rhc2 Rhc8 57. c4 Be8 58. cxd5 exd5 59. Rc5 Ke6 60. h4 Kd6 61. R1c3 Rb8 62. Rb3 Rcb7 63. Nd3 Re7+ 64. Ne5 Reb7 65. Rbc3 Re7 66. Kd3 Rc7 1/2-1/2

[Event "GBR-ch111 Over 50"]
[Site "Liverpool"]
[Date "2025.08.05"]
[Round "2.30"]
[White "Strugar, Ioan"]
[Black "Morrison, Munroe L"]
[Result "0-1"]
[WhiteElo "1659"]
[BlackElo "1806"]
[PlyCount "72"]
[EventDate "2025.08.04"]
[EventType "swiss"]
[EventRounds "7"]
[EventCountry "GBR"]
[SourceTitle "BritBase"]
[Source "John Saunders"]
[SourceDate "2025.08.11"]
[SourceVersion "1"]
[SourceVersionDate "2025.08.11"]
[SourceQuality "1"]

1. e4 c5 2. b4 cxb4 3. d4 d5 4. exd5 Qxd5 5. c4 Qd8 6. Nf3 e6 7. a3 Nf6 8. Bd3 Nc6 9. Bb2 bxa3 10. Nxa3 Bb4+ 11. Ke2 O-O 12. Nc2 Ba5 13. Ne3 Qb6 14. Rb1 Qc7 15. g4 Nb4 16. h4 b5 17. cxb5 Nxd3 18. Qxd3 Nd5 19. Nxd5 exd5 20. Ng5 g6 21. f3 f5 22. Rbc1 Re8+ 23. Kd1 Qe7 24. Ba3 Qe3 25. Qxe3 Rxe3 26. Bc5 fxg4 27. fxg4 Bxg4+ 28. Kc2 h6 29. Ra1 Bf5+ 30. Kd1 Rd3+ 31. Kc1 Bd2+ 32. Kb2 Bc3+ 33. Ka2 Bxa1 34. Rxa1 hxg5 35. hxg5 Re8 36. Bxa7 Re2+ 0-1

[Event "GBR-ch111 Over 50"]
[Site "Liverpool"]
[Date "2025.08.06"]
[Round "3.1"]
[White "Dougherty, Michael"]
[Black "Arkell, Keith C"]
[Result "1/2-1/2"]
[WhiteElo "2076"]
[BlackElo "2363"]
[PlyCount "78"]
[EventDate "2025.08.04"]
[EventType "swiss"]
[EventRounds "7"]
[EventCountry "GBR"]
[SourceTitle "BritBase"]
[Source "John Saunders"]
[SourceDate "2025.08.11"]
[SourceVersion "1"]
[SourceVersionDate "2025.08.11"]
[SourceQuality "1"]

1. d4 e6 2. Nf3 Nf6 3. Bg5 c5 4. e3 cxd4 5. exd4 Be7 6. c3 b6 7. Nbd2 O-O 8. Bd3 Ba6 9. Nc4 Qc7 10. Qe2 d5 11. Nce5 Bxd3 12. Qxd3 Ne4 13. Bxe7 Qxe7 14. O-O Nd7 15. c4 Nef6 16. b3 Rac8 17. a4 dxc4 18. bxc4 Rfd8 19. a5 Nxe5 20. Nxe5 Nd7 21. Nxd7 Qxd7 22. axb6 axb6 23. Rfd1 Qc6 24. Rac1 h6 25. Qb1 Qc7 26. g3 Rd6 27. d5 e5 28. Qe4 f6 29. h4 Qf7 30. Rb1 Re8 31. Qe3 Qc7 32. Qe4 Qc8 33. g4 h5 34. f3 hxg4 35. fxg4 Qc5+ 36. Kg2 Ra8 37. Rb2 Ra4 38. Rc1 b5 39. Qg6 Rxc4 1/2-1/2

[Event "GBR-ch111 Over 50"]
[Site "Liverpool"]
[Date "2025.08.06"]
[Round "3.2"]
[White "Merriman, John"]
[Black "Brett, Andrew R"]
[Result "1-0"]
[WhiteElo "2202"]
[BlackElo "2061"]
[PlyCount "119"]
[EventDate "2025.08.04"]
[EventType "swiss"]
[EventRounds "7"]
[EventCountry "GBR"]
[SourceTitle "BritBase"]
[Source "John Saunders"]
[SourceDate "2025.08.11"]
[SourceVersion "1"]
[SourceVersionDate "2025.08.11"]
[SourceQuality "1"]

1. d4 Nf6 2. c4 e6 3. Nc3 Bb4 4. e3 O-O 5. Bd3 c5 6. Nf3 d5 7. a3 Bxc3+ 8. bxc3 Qc7 9. Nd2 dxc4 10. Bxc4 Nc6 11. O-O Rd8 12. Bb2 e5 13. Rc1 Qb6 14. Qb3 Qc7 15. Qc2 Na5 16. Ba2 b6 17. Nf3 Ba6 18. Nxe5 Bxf1 19. Bxf7+ Kf8 20. Kxf1 Nc6 21. Nxc6 Qxc6 22. Bb3 c4 23. Ba2 Rd5 24. Re1 Rh5 25. h3 Rh4 26. f3 Qc7 27. Qf2 Rh5 28. e4 Rb5 29. Kg1 Nh5 30. Bc1 Nf6 31. d5 Qe5 32. Qe3 Qc7 33. Qd4 Re8 34. Rd1 Nd7 35. a4 Rb3 36. Bxb3 cxb3 37. Ba3+ Kg8 38. Rb1 Ne5 39. d6 Qd7 40. Rxb3 Kh8 41. Rb5 Ng6 42. e5 Nf8 43. f4 Ne6 44. Qe4 g6 45. Rb1 Rc8 46. Rc1 Rf8 47. Rf1 a6 48. Kh2 b5 49. axb5 axb5 50. g4 Qa7 51. Bc1 Qa2+ 52. Kg1 Rc8 53. Qe3 Qb3 54. Bd2 Qd5 55. Be1 Qb3 56. f5 gxf5 57. gxf5 Rg8+ 58. Bg3 Ng5 59. e6 Ne4 60. Qd4+ 1-0

[Event "GBR-ch111 Over 50"]
[Site "Liverpool"]
[Date "2025.08.06"]
[Round "3.3"]
[White "Okike, David C"]
[Black "Smith, Jeff R"]
[Result "1-0"]
[WhiteElo "2165"]
[BlackElo "2050"]
[PlyCount "151"]
[EventDate "2025.08.04"]
[EventType "swiss"]
[EventRounds "7"]
[EventCountry "GBR"]
[SourceTitle "BritBase"]
[Source "John Saunders"]
[SourceDate "2025.08.11"]
[SourceVersion "1"]
[SourceVersionDate "2025.08.11"]
[SourceQuality "1"]

1. e4 e6 2. d4 d5 3. Nc3 Bb4 4. e5 c5 5. a3 Bxc3+ 6. bxc3 Qc7 7. Qg4 f6 8. Qg3 Nc6 9. Nf3 c4 10. Be2 Qf7 11. h4 Qg6 12. Qxg6+ hxg6 13. Rh3 Nge7 14. a4 b6 15. Bf4 Bd7 16. Kd2 Kf7 17. Rhh1 Rh7 18. Rhg1 Nf5 19. g3 Na5 20. Rge1 Rhh8 21. Bf1 Rae8 22. Bg2 Nc6 23. Rh1 Nfe7 24. g4 Rh7 25. Bg3 Rhh8 26. Bf4 Rh7 27. Rh2 Reh8 28. Bg3 Re8 29. Rhh1 Reh8 30. Rhb1 Re8 31. Bf1 Rhh8 32. Be2 Rc8 33. exf6 gxf6 34. g5 Nf5 35. gxf6 Nxg3 36. fxg3 Kxf6 37. Rf1 Kg7 38. Ng5 Rcf8 39. Bg4 Nd8 40. Nf3 Nc6 41. Rfe1 Rf6 42. Ng5 Re8 43. Re2 Re7 44. Rae1 Nd8 45. Bf3 Bc6 46. Bg2 Kg8 47. Ra1 Nf7 48. a5 b5 49. a6 Nxg5 50. hxg5 Rf5 51. Bh3 Rxg5 52. Bxe6+ Kg7 53. g4 Bd7 54. Bxd7 Rxd7 55. Rg1 Kf8 56. Ke3 Re7+ 57. Kf3 Re4 58. Rxe4 dxe4+ 59. Kxe4 Ke7 60. Kf4 Rd5 61. Rh1 b4 62. Rh7+ Kf6 63. Rxa7 bxc3 64. Ke4 Ra5 65. d5 Ra2 66. Rc7 Rxc2 67. Rxc4 Ra2 68. Rc6+ Ke7 69. Kd3 c2 70. Kd2 Ra5 71. Rxg6 Rxd5+ 72. Kxc2 Kf7 73. Rb6 Rg5 74. Kb3 Ra5 75. Kb4 Ra1 76. Kb5 1-0

[Event "GBR-ch111 Over 50"]
[Site "Liverpool"]
[Date "2025.08.06"]
[Round "3.4"]
[White "Minnican, Alan"]
[Black "Crocker, Philip J"]
[Result "0-1"]
[WhiteElo "2056"]
[BlackElo "2155"]
[PlyCount "58"]
[EventDate "2025.08.04"]
[EventType "swiss"]
[EventRounds "7"]
[EventCountry "GBR"]
[SourceTitle "BritBase"]
[Source "John Saunders"]
[SourceDate "2025.08.11"]
[SourceVersion "1"]
[SourceVersionDate "2025.08.11"]
[SourceQuality "1"]

1. e4 e5 2. Nc3 Nf6 3. Bc4 Bc5 4. d3 O-O 5. f4 exf4 6. Bxf4 c6 7. Bg5 d5 8. Bb3 Re8 9. Nge2 h6 10. Bxf6 Qxf6 11. d4 Bb4 12. e5 Qh4+ 13. g3 Qg5 14. O-O Bg4 15. Qd3 Nd7 16. Rf4 Be6 17. Nd1 f6 18. exf6 Nxf6 19. Ne3 Bd6 20. h4 Qh5 21. Rxf6 gxf6 22. Rf1 f5 23. c4 Rad8 24. cxd5 Bxd5 25. Nxd5 cxd5 26. Bxd5+ Kh8 27. Nc3 Bxg3 28. Bf3 Qxh4 29. Qd2 Rg8 0-1